| 000 | 00351nam a22001577a 4500 | ||
|---|---|---|---|
| 003 | SGT | ||
| 020 | _a971032033983 | ||
| 082 | _a624,HAL | ||
| 100 | _aHALL,CHRISTEPHER | ||
| 245 | _aWATER TRANSPORT IN BRICK STONE & CONCRETE | ||
| 250 | _a3RD ED | ||
| 260 |
_aNEW YORK _bCRC PRESS _c2022 |
||
| 300 | _a452 | ||
| 650 | _aCIVIL ENG. | ||
| 942 |
_2ddc _cBK |
||
| 999 |
_c25853 _d25853 |
||